| 000 | 00763cam a2200265Ki 4500 | ||
|---|---|---|---|
| 001 | 44717 | ||
| 005 | 20230410132612.0 | ||
| 008 | 951113s1954 sp 000 0 spa d | ||
| 035 | _a(OCoLC)ocm33467818 | ||
| 040 |
_aEL1 _cEL1 |
||
| 035 | _a(OCoLC)33467818 | ||
| 041 | 1 |
_aspa _heng |
|
| 092 |
_a808.8 _bA93, 1218 |
||
| 049 | _aGRAL | ||
| 050 | 1 | 4 |
_aPR 5601 _bT363c 1954 |
| 100 | 1 |
_aThackeray, William Makepeace, _d1811-1863. |
|
| 245 | 1 | 0 |
_aCompañeras del hombre / _cW.M. Thackeray ; [tr. del inglés por Juan Fernández Rúa]. |
| 250 | _a2. ed. | ||
| 260 |
_aBuenos Aires : _bEspasa-Calpe Argentina, _c1954. |
||
| 300 |
_a211 p. ; _c18 cm. |
||
| 490 | 0 |
_aColección Austral ; _vno. 1218 |
|
| 942 |
_2lcc _cbk |
||
| 946 | _aclperez | ||
| 994 |
_aC0 _bDRFGD |
||
| 999 |
_c84447 _d84447 |
||